Score 0/15 Timer 01:00
4 Plays Today
Hint Answer % Correct
Capital city of GreeceAthens
97.9%
OceanAtlantic (Arctic)
96%
Company founded by Steve JobsApple
95.2%
Singer-songwriter: Rolling in the DeepAdele
84.5%
Element: ArArgon
83.5%
Month that the Assumption falls inAugust
77.4%
NFL Cardinal's stateArizona
76.3%
Part of Speech (8 major parts of speech)Adverb (Adjective)
75.6%
Hint Answer % Correct
U.S. Video Game SystemAtari
64.2%
Brontë sisterAnne
62.3%
1980 'Don't Call Me Shirley' movieAirplane!
59.1%
1992 Disney animated classicAladdin
49.8%
All in the Family patriarchArchie
39.8%
Apostle of JesusAndrew
39.7%
Battle won by Henry V in 1415Agincourt
29.3%
Remove Ads.
Support Sporcle.
Get the best of Sporcle when you Go Orange. This ad-free experience offers more features, more stats, and more fun while also helping to support Sporcle. Thank you for becoming a member.

You're not logged in!

Compare scores with friends on all Sporcle quizzes.
OR
Log In

Sporcle TV

Today on Sporcle TV


Watch our educational content, quiz creation guides, and fun videos on Sporcle TV.

Show Comments

Extras

Top Quizzes Today


Score Distribution

Paid Content

Your Account Isn't Verified!

In order to create a playlist on Sporcle, you need to verify the email address you used during registration. Go to your Sporcle Settings to finish the process.

Report this User

Report this user for behavior that violates our Community Guidelines.

Details: